Größte Städte der Welt nach Buchstabe - D - Extrem - Statistiken

Allgemein
  • Dieses Quiz wurde 87 mal gespielt
  • Das Durchschnittsergebnis liegt bei 16 aus 32
Antwortstatistiken
Einwohner Land Stadt % Korrekt
3.925 Mio. Senegal Dakar
96%
3.875 Mio. Syrien Damaskus
94%
1.53 Mio. Irland Dublin
94%
2.60 Mio. Katar Doha
93%
7.65 Mio. USA Dallas
91%
5.75 Mio. USA Detroit
91%
34.6 Mio. Indien Delhi
90%
22.5 Mio. Bangladesch Dhaka
90%
5.95 Mio. VAE Dubai
90%
3.85 Mio. USA Denver
87%
1.25 Mio. Tadschikistan Duschanbe
82%
6.25 Mio. Tansania Daressalam
78%
3.85 Mio. Südafrika Durban
78%
1.41 Mio. Ukraine Donezk
63%
1.33 Mio. Ukraine Dnipro
56%
3.775 Mio. Kamerun Douala
54%
3.925 Mio. Saudi-Arabien Dschidda
54%
2.725 Mio. Südkorea Daegu
49%
5.30 Mio. China Dalian
46%
2.825 Mio. Saudi-Arabien Dammam
38%
1.68 Mio. Philippinen Davao
29%
1.46 Mio. Vietnam Da Nang
22%
1.95 Mio. China Datong
18%
1.19 Mio. Indonesien Denpasar
16%
1.08 Mio. Türkei Diyarbakır
12%
1.52 Mio. Südkorea Daejeon
9%
1.31 Mio. China Dazhou
7%
1.85 Mio. China Daqing
4%
1.24 Mio. China Dézhōu
1%
1.46 Mio. Indien Dhanbad
1%
1.04 Mio. Indien Dehra Dūn
0%
1.03 Mio. China Dongying
0%
Keine übereinstimmenden Quizze gefunden
Verteilung der Resultate
Anzahl Personen mit jedem Resultat
Perzentil nach korrekt beantworteten Fragen
Ihre Resultats-Entwicklung
Sie haben dieses Quiz noch nicht gespielt